[Event "NZL-ch Major op"]
[Site "Dunedin"]
[Date "1999.??.??"]
[Round "5.7"]
[White "Gloistein, Bruce H"]
[Black "Win, KS."]
[Result "1-0"]
[WhiteElo "1549"]
[BlackElo "1294"]
[PlyCount "45"]
[EventDate "1998.??.??"]
[EventType "swiss"]
[EventRounds "11"]
[EventCountry "NZL"]
[SourceTitle "EXT 2003"]
[Source "ChessBase"]
[SourceDate "2002.11.25"]
[SourceVersion "1"]
[SourceVersionDate "2002.11.25"]
[SourceQuality "1"]

1. d4 d5 2. Nf3 e6 3. e3 Nf6 4. Bd3 c5 5. c3 Be7 6. 0-0 0-0 7. Qe2 Nbd7 8. Nbd2 Nb6 9. e4 dxe4 10. Nxe4 Qc7 11. Ng3 Nbd5 12. Qd2 b6 13. a3 Bd6 14. Ne4 Nxe4 15. Bxe4 Ba6 16. Re1 Rad8 17. Qg5 Nf6 18. Qh4 Nxe4 19. Rxe4 Bd3 20. Rg4 Bf5 21. Rxg7+ Kxg7 22. Bh6+ Kg8 23. Qf6 1-0

[Event "NZL-ch Major op"]
[Site "Dunedin"]
[Date "1999.??.??"]
[Round "11.4"]
[White "Win, KS."]
[Black "Sinton, Peter J"]
[Result "1/2-1/2"]
[WhiteElo "1294"]
[BlackElo "1792"]
[PlyCount "89"]
[EventDate "1998.??.??"]
[EventType "swiss"]
[EventRounds "11"]
[EventCountry "NZL"]
[SourceTitle "EXT 2003"]
[Source "ChessBase"]
[SourceDate "2002.11.25"]
[SourceVersion "1"]
[SourceVersionDate "2002.11.25"]
[SourceQuality "1"]

1. e4 e5 2. Nf3 Nc6 3. Bb5 Nge7 4. 0-0 d6 5. c3 Ng6 6. d4 Bd7 7. dxe5 dxe5 8. Bg5 Be7 9. Bxe7 Qxe7 10. Nbd2 0-0 11. Re1 Rad8 12. Qc2 a6 13. Bf1 Bg4 14. h3 Be6 15. b3 Rd7 16. Rad1 Rfd8 17. Nc4 b5 18. Rxd7 Rxd7 19. Nb2 Nf4 20. Rd1 Rxd1 21. Qxd1 h6 22. Nd3 Nxd3 23. Qxd3 Qc5 24. b4 Qb6 25. a3 Kh7 26. Nd2 Na7 27. c4 c5 28. cxb5 Nxb5 29. Nc4 Qc7 30. a4 Nd4 31. bxc5 Qxc5 32. Ne3 a5 33. Nc4 Bxc4 34. Qxc4 Qxc4 35. Bxc4 f6 36. f3 g6 37. Kf2 Kg7 38. Ke3 Kf8 39. f4 Ke7 40. fxe5 fxe5 41. Kd3 Kd6 42. Bf7 g5 43. Kc4 Kc6 44. Be8+ Kd6 45. Bf7 1/2-1/2